| 000 | 00477nam a2200193Ia 4500 | ||
|---|---|---|---|
| 008 | 180207s9999 xx 000 0 und d | ||
| 020 | _a9780439876414 | ||
| 050 | _bM381 2006 | ||
| 100 | _aMartin, Justin McCory | ||
| 245 | _aTornadoes! / | ||
| 245 | _cby Justin McCory Martin. | ||
| 260 | _aNew York : | ||
| 260 | _bScholastic, | ||
| 260 | _c2006 | ||
| 300 | _a16 pages : | ||
| 300 | _bchiefly colored ; | ||
| 300 | _c22cm. | ||
| 440 | _aScience vocabulary readers. | ||
| 999 |
_c355669 _d355669 |
||